000
00297nam a22001337a 4500
999
_c
12022
_d
12022
020
_a
978-8182746381
082
_a
956.70
100
_a
Rahul Singbal
245
_a
From Saint to Killer Saddam Hussein
260
_a
India
_b
Pentagon
_c
2004
300
_a
156
650
_a
History
942
_c
BK